| 000 | 00395nam a2200109Ia 4500 | ||
|---|---|---|---|
| 008 | 171204s9999 xx 000 0 und d | ||
| 245 | _aCrafting Scholarship In The Behavioral And Social Sciences: Writing, Reviewing, And Editing: | ||
| 245 | _cRobert M. Milardo | ||
| 260 | _c2014 | ||
| 650 | _xPUBLICATION EDITING | ||
| 856 | _uhttp://down.ebook777.com/002/CraSchInTheBehAndSocSciWriRevAndEdi.pdf | ||
| 999 |
_c346173 _d346173 |
||